header

The new British (Record no. 125529)

MARC details
000 -LEADER
fixed length control field 01962nam a2200373 a 4500
082 04 - DEWEY DECIMAL CLASSIFICATION NUMBER
Classification number 305.23089/914122042817
100 1# - MAIN ENTRY--AUTHOR NAME
Personal name Din, Ikhlaq,
245 14 - TITLE STATEMENT
Title The new British
260 ## - PUBLICATION, DISTRIBUTION, ETC. (IMPRINT)
Place of publication Aldershot, England ;
-- Burlington, VT :
Name of publisher Ashgate,
Year of publication c2006.
300 ## - PHYSICAL DESCRIPTION
Number of Pages 164 p.
505 0# - FORMATTED CONTENTS NOTE
Formatted contents note The context of the research -- Methods : conducting research on the Pakistani community -- The land of dreams -- From Manningham to Burnley to Oldham : what should we learn? -- The selection of school -- The experience of school -- Too many aspirations? -- The new British -- Boyzone and Bhangra : the place of popular and Pakistani culture -- The experience of parents and the Biraderi -- Institutionalised racism? : gangs and ethnic minorities -- Islam and the influence culture.
650 #0 - SUBJECT ADDED ENTRY--TOPICAL TERM
Topical Term Pakistanis
856 40 - ELECTRONIC LOCATION AND ACCESS
Uniform Resource Identifier http://site.ebrary.com/lib/rucke/Doc?id=10211487

No items available.

© 2026 Rongo University
Contact us: librarian | system librarian | Rongo university